Ptaki stwierdzone w polsce na litere K - Statystyki

Ogólne statystyki
  • Ten quiz został rozwiązany 70 razy
  • Średni wynik to 22 z 46
Statystyki odpowiedzi
Odpowiedź % Poprawnych
krzyżówka
92%
kawka
84%
kruk
82%
kos
79%
kuropatwa
79%
kukułka
71%
kraska
68%
krogulec
68%
kania ruda
66%
kokoszka
66%
krętogłów
66%
kulon
63%
krakwa
58%
kropiatka
58%
kaniuk
55%
kowalik
55%
kamieniuszka
53%
kania czarna
53%
kopciuszek
53%
kormoran
50%
kszyk
50%
kobuz
47%
kwiczoł
47%
krzyżodziób świerkowy
45%
kulik wielki
45%
kamusznik
39%
kląskawka
39%
krzyżodziób sosnowy
39%
kulczyk
39%
kulik mniejszy
39%
kobczyk
37%
kapturka
34%
krzyżodziób modrzewiowy
34%
kalandra szara
32%
krwawodziób
32%
kwokacz
32%
karliczka
29%
kormoran mały
29%
kormoran czubaty
26%
kurhannik
26%
kalandra czarna
24%
krogulec krótkonogi
24%
kalandra dwuplamista
21%
kazarka rdzawa
21%
kląskawka syberyjska
21%
kulik cienkodzioby
21%
Nie znaleziono quizów pasujących do podanych kryteriów
Rozkład punktacji
Procent ludzi z każdym wynikiem
Percentyl według liczby udzielonych odpowiedzi
Twoja historia wyników
Nie rozwiązałeś tego quizu